Recherches sur diverses éditions elzéviriennes (Record no. 152790)
[ view plain ]
| 000 -LEADER | |
|---|---|
| campo de control de longitud fija | 00953nam a22002295i 4500 |
| 001 - NÚMERO DE CONTROL | |
| campo de control | 152790 |
| 003 - IDENTIFICADOR DE NÚMERO DE CONTROL | |
| campo de control | ES-MaACL |
| 005 - FECHA Y HORA DE LA ÚLTIMA TRANSACCIÓN | |
| campo de control | 20250929063218.0 |
| 008 - DATOS DE LONGITUD FIJA--INFORMACIÓN GENERAL | |
| campo de control de longitud fija | 051018s1866 fr | |||||||| ||fre d |
| 040 ## - FUENTE DE CATALOGACIÓN | |
| Centro catalogador/agencia de origen | CAM |
| Lengua de catalogación | spa |
| Centro/agencia transcriptor | CAM |
| 080 ## - NÚMERO DE LA CLASIFICACIÓN DECIMAL UNIVERSAL | |
| Número de la Clasificación Decimal Universal | 012 Elzevier |
| 080 ## - NÚMERO DE LA CLASIFICACIÓN DECIMAL UNIVERSAL | |
| Número de la Clasificación Decimal Universal | 655.1 Elzevier |
| 100 1# - ENTRADA PRINCIPAL--NOMBRE DE PERSONA | |
| Nombre de persona | Brunet, Pierre-Gustave, |
| Fechas asociadas al nombre | 1805-1896 |
| 9 (RLIN) | 32158 |
| 245 10 - MENCIÓN DEL TÍTULO | |
| Título | Recherches sur diverses éditions elzéviriennes |
| Resto del título | : faisant suite aux études de Bérard & Pieters, extraites des papiers de M. Millot / |
| Mención de responsabilidad, etc. | mise en ordre et complétées par Gustave Brunet. |
| 260 ## - PUBLICACIÓN, DISTRIBUCIÓN, ETC. | |
| Lugar de publicación, distribución, etc. | Paris : |
| Nombre del editor, distribuidor, etc. | Auguste Aubry éditeur, |
| Fecha de publicación, distribución, etc. | 1866 ( |
| Fabricante | Imprimerie Jouast) |
| 300 ## - DESCRIPCIÓN FÍSICA | |
| Extensión | 188 p. ; |
| Dimensiones | 18 cm. |
| 594 ## - Nota al título y mención de responsabilidad | |
| Nota al título y mención de responsabilidad | El prólogo está firmado por: Ph.J. (Philomneste junior) |
| 600 14 - PUNTO DE ACCESO ADICIONAL DE MATERIA--NOMBRE DE PERSONA | |
| Nombre de persona | Elzevier (Familia)- |
| Subdivisión de forma | Bibliografías. |
| 9 (RLIN) | 147779 |
| 700 1# - ENTRADA AGREGADA--NOMBRE PERSONAL | |
| Nombre de persona | Millot, A.-M. |
| 9 (RLIN) | 147777 |
| 852 ## - LOCALIZACIÓN | |
| Ubicación | ES-MaACL |
| Número de control de estantería | G-10948 |
| Nota libre | -- Enc. hol. |
| -- | -- Ejemplar nº 107 de una tirada de 250 |
| Estatus retirado | Estado de pérdida | Estado de daño | No para préstamo | Colección | Biblioteca de origen | Biblioteca actual | Ubicación en estantería | Fecha de adquisición | Fuente de adquisición | Total de préstamos | Signatura topográfica completa | Código de barras | Visto por última vez | Precio de reemplazo | Tipo de ítem Koha |
|---|---|---|---|---|---|---|---|---|---|---|---|---|---|---|---|
| Libros del s. XIX | Biblioteca del Ateneo de Madrid | Biblioteca del Ateneo de Madrid | Sala Pecera Planta 3 | 17/01/2008 | G-10948 | 1159573 | 23/02/2023 | 23/02/2023 | Libro impreso antiguo |
